[Event "GBR-ch Major op 109th"]
[Site "Leicester"]
[Date "2023.07.27"]
[Round "6"]
[White "Bansal, Saahil"]
[Black "Salmons, Calum"]
[Result "0-1"]
[WhiteElo "1846"]
[BlackElo "1977"]
[PlyCount "68"]
[EventDate "2023.07.22"]
[EventType "swiss"]
[EventRounds "9"]
[EventCountry "ENG"]
[SourceTitle "EXT 2024"]
[Source "ChessBase"]
[SourceDate "2023.10.10"]
[SourceVersion "1"]
[SourceVersionDate "2023.10.10"]
[SourceQuality "1"]

1. d4 d5 2. c4 c6 3. cxd5 cxd5 4. Bf4 Qb6 5. Qc1 Nc6 6. e3 Bf5 7. a3 Na5 8. Nc3 Nb3 9. Qd1 Nxa1 10. Qxa1 Nf6 11. Nf3 a6 12. Be2 e6 13. Bd1 Bd6 14. Ba4+ Ke7 15. Bg5 h6 16. Bxf6+ gxf6 17. Nh4 Bh7 18. f4 f5 19. Kf2 Bxf4 20. Qc1 Bg5 21. Nf3 Bf6 22. Qd2 Qa7 23. Nxd5+ exd5 24. Qb4+ Ke6 25. Rc1 Rac8 26. Ne5 b5 27. Bc2 f4 28. Bxh7 fxe3+ 29. Kf3 Rxc1 30. Bd3 Rc4 31. Nxc4 bxc4 32. g4 cxd3 33. Qc3 Bxd4 34. Qc6+ Ke7 0-1

[Event "BCF-chT3E 2223 (4NCL)"]
[Site "England"]
[Date "2023.01.08"]
[Round "4.31"]
[White "Nelson, Omowale"]
[Black "Salmons, Calum"]
[Result "0-1"]
[WhiteElo "1995"]
[BlackElo "1989"]
[PlyCount "47"]
[EventDate "2022.11.05"]
[EventType "team-tourn"]
[EventRounds "11"]
[EventCountry "ENG"]
[SourceTitle "EXT 2024"]
[Source "ChessBase"]
[SourceDate "2023.10.10"]
[SourceVersion "1"]
[SourceVersionDate "2023.10.10"]
[SourceQuality "1"]
[WhiteTeam "Watford"]
[BlackTeam "Sussex Martlets II"]
[WhiteTeamCountry "ENG"]
[BlackTeamCountry "ENG"]

1. d4 d5 2. c4 c6 3. Nf3 Nf6 4. Nc3 e6 5. g3 Nbd7 6. Bg2 dxc4 7. a4 a5 8. 0-0 Bb4 9. Qc2 0-0 10. Rd1 Qe7 11. Nd2 Nb6 12. Nce4 Bxd2 13. Bxd2 Nfd5 14. Ng5 Nf6 15. e4 h6 16. Nf3 Rd8 17. b3 cxb3 18. Qxb3 Nbd7 19. Ne1 e5 20. d5 Nc5 21. Qc4 Ncxe4 22. d6 Qe6 23. Qc1 Qxd6 24. Bf3 0-1

[Event "Hastings Masters op"]
[Site "Hastings"]
[Date "2023.01.06"]
[Round "10"]
[White "Payne, Matthew"]
[Black "Salmons, Calum"]
[Result "1-0"]
[WhiteElo "2116"]
[BlackElo "1989"]
[PlyCount "89"]
[EventDate "2022.12.28"]
[EventType "swiss"]
[EventRounds "10"]
[EventCountry "ENG"]
[SourceTitle "CBM 212 Extra"]
[Source "ChessBase"]
[SourceDate "2023.03.31"]
[SourceVersion "1"]
[SourceVersionDate "2023.03.31"]
[SourceQuality "1"]

1. e4 c6 2. d4 d5 3. e5 Bf5 4. h4 h5 5. Bd3 Bxd3 6. Qxd3 e6 7. Bg5 Qb6 8. Nd2 c5 9. c4 Qxb2 10. Rd1 Nc6 11. cxd5 exd5 12. e6 Qxd4 13. Qb1 Qe5+ 14. Kf1 Qc7 15. exf7+ Kxf7 16. Qf5+ Nf6 17. Bxf6 gxf6 18. Qxd5+ Kg7 19. Rh3 Rh6 20. Rg3+ Rg6 21. Rxg6+ Kxg6 22. Ne2 Re8 23. Ng3 Qe5 24. Qd3+ Kf7 25. Nf3 Qe6 26. Re1 Qg4 27. Qd5+ Re6 28. Nf5 Nd8 29. Qd7+ Kg6 30. Qxd8 Rxe1+ 31. Nxe1 Kxf5 32. Qxf8 Qc4+ 33. Kg1 Qc1 34. Qe8 c4 35. Qxh5+ Ke4 36. Qf3+ Kd4 37. Qe3+ Qxe3 38. fxe3+ Kxe3 39. h5 Ke2 40. Nf3 c3 41. h6 Ke3 42. Ne1 Ke2 43. Nc2 Kd2 44. Na3 b5 45. Nb1+ 1-0

[Event "GBR-ch 108th"]
[Site "Torquay"]
[Date "2022.08.19"]
[Round "7"]
[White "Ward, Christopher"]
[Black "Salmons, Calum"]
[Result "1-0"]
[WhiteElo "2402"]
[BlackElo "1944"]
[PlyCount "55"]
[EventDate "2022.08.13"]
[EventType "swiss"]
[EventRounds "9"]
[EventCountry "ENG"]
[SourceTitle "CBM 209 Extra"]
[Source "ChessBase"]
[SourceDate "2022.09.30"]
[SourceVersion "1"]
[SourceVersionDate "2022.09.30"]
[SourceQuality "1"]

1. d4 d5 2. c4 c6 3. Nc3 Nf6 4. Nf3 e6 5. e3 Nbd7 6. Qc2 Bd6 7. g4 h6 8. Bd2 e5 9. cxd5 cxd5 10. Nb5 Bb8 11. Bb4 e4 12. Rc1 Nb6 13. Ne5 a6 14. Nc7+ Bxc7 15. Qxc7 Qxc7 16. Rxc7 Nfd7 17. Be2 Nxe5 18. dxe5 Nd7 19. 0-0 Kd8 20. Bd6 Re8 21. Rd1 Nxe5 22. Rxd5 Nd7 23. Bg3 Re6 24. Bc4 b5 25. Bb3 Rg6 26. h3 Ke8 27. Rf5 f6 28. Bd5 1-0

[Event "BCF-chT4S 1920 (4NCL)"]
[Site "England"]
[Date "2020.01.12"]
[Round "4.11"]
[White "Salmons, Calum"]
[Black "Rathbone Jones, Ifan"]
[Result "1/2-1/2"]
[WhiteElo "2057"]
[BlackElo "2042"]
[PlyCount "121"]
[EventDate "2019.11.09"]
[EventType "team-swiss"]
[EventRounds "11"]
[EventCountry "ENG"]
[SourceTitle "EXT 2022"]
[Source "ChessBase"]
[SourceDate "2021.10.06"]
[SourceVersion "1"]
[SourceVersionDate "2021.10.06"]
[SourceQuality "1"]
[WhiteTeam "Sussex Martlets II"]
[BlackTeam "Fischer's Catch"]
[WhiteTeamCountry "ENG"]
[BlackTeamCountry "WLS"]

1. e4 d5 2. exd5 Nf6 3. Nc3 Bg4 4. Be2 Bxe2 5. Qxe2 a6 6. Qf3 c6 7. dxc6 Nxc6 8. d3 Nd4 9. Qd1 e5 10. Nf3 Bb4 11. 0-0 0-0 12. a3 Bxc3 13. bxc3 Nxf3+ 14. Qxf3 Qc7 15. Bg5 Nd7 16. c4 b5 17. cxb5 Qxc2 18. Qc6 Qxc6 19. bxc6 Nb6 20. c7 f6 21. Bd2 a5 22. Rfc1 Kf7 23. Rab1 Nc8 24. Rb5 a4 25. f4 Nd6 26. Rb6 Nc8 27. Rb4 Ke6 28. fxe5 fxe5 29. Rb5 Ra6 30. Bg5 Rd6 31. Rc3 e4 32. Rb2 exd3 33. Rd2 Rf5 34. Bd8 Rfd5 35. Kf2 Kd7 36. Ke3 Re6+ 37. Kf4 Rd4+ 38. Kf3 Red6 39. Ke3 Nb6 40. Rdxd3 Rxd3+ 41. Rxd3 Nc4+ 42. Ke2 Rxd3 43. Kxd3 Nxa3 44. Kc3 Nb5+ 45. Kb4 a3 46. Kb3 h6 47. Be7 Kxc7 48. Bf8 Nd4+ 49. Kxa3 Ne6 50. Bb4 Kc6 51. Kb3 Kd5 52. Kc3 g5 53. Kd2 Ke4 54. Ke2 Nf4+ 55. Kf1 h5 56. g3 Nd5 57. Bd2 Kf5 58. h3 Nf6 59. g4+ Nxg4 60. hxg4+ Kxg4 61. Kg2 1/2-1/2

[Event "Hastings Masters op 95th"]
[Site "Hastings"]
[Date "2019.12.30"]
[Round "3"]
[White "Ortiz Sanchez, Luis"]
[Black "Salmons, Calum"]
[Result "0-1"]
[WhiteElo "1947"]
[BlackElo "1796"]
[PlyCount "110"]
[EventDate "2019.12.28"]
[EventType "swiss"]
[EventRounds "9"]
[EventCountry "ENG"]
[SourceTitle "CBM 194 Extra"]
[Source "ChessBase"]
[SourceDate "2020.03.31"]
[SourceVersion "1"]
[SourceVersionDate "2020.03.31"]
[SourceQuality "1"]

1. e4 c5 2. Nc3 Nc6 3. Bb5 Nd4 4. Nf3 Nxb5 5. Nxb5 d6 6. 0-0 Nf6 7. Re1 g6 8. d4 Bd7 9. Nc3 cxd4 10. Qxd4 Bg7 11. Bg5 0-0 12. Rad1 Bc6 13. Qb4 Qc7 14. Rd2 Rac8 15. Nd5 Bxd5 16. exd5 Rfe8 17. c3 Qc4 18. Qxc4 Rxc4 19. Bxf6 Bxf6 20. Rd3 b5 21. Nd2 Ra4 22. Ne4 Rc8 23. Nxf6+ exf6 24. a3 a5 25. g3 Rac4 26. Ree3 b4 27. axb4 axb4 28. cxb4 Rxb4 29. Rb3 Rd4 30. Red3 Rxd3 31. Rxd3 Rc5 32. Kg2 Rb5 33. b3 f5 34. Kf3 Kg7 35. Ke3 Kf6 36. h4 Rb4 37. f4 h6 38. Kd2 g5 39. Kc3 Rb8 40. fxg5+ hxg5 41. hxg5+ Kxg5 42. Rd4 Kf6 43. b4 Ke5 44. Rd2 Rc8+ 45. Kb3 Rg8 46. Rd3 Ke4 47. Rd1 Rxg3+ 48. Kc4 f4 49. Re1+ Re3 50. Rf1 f3 51. b5 Re2 52. Kc3 f2 53. b6 Kf3 54. Rxf2+ Kxf2 55. b7 Re8 0-1

[Event "GBR-ch Major 106th"]
[Site "Torquay"]
[Date "2019.08.03"]
[Round "8"]
[White "Gray, Edward"]
[Black "Salmons, Calum"]
[Result "1/2-1/2"]
[WhiteElo "1757"]
[BlackElo "1898"]
[PlyCount "69"]
[EventDate "2019.07.27"]
[EventType "swiss"]
[EventRounds "9"]
[EventCountry "ENG"]
[SourceTitle "EXT 2020"]
[Source "ChessBase"]
[SourceDate "2019.10.17"]
[SourceVersion "1"]
[SourceVersionDate "2019.10.17"]
[SourceQuality "1"]

1. e4 c5 2. Nc3 Nc6 3. Bb5 Nd4 4. Bc4 e6 5. Nge2 Ne7 6. Nxd4 cxd4 7. Ne2 Nc6 8. 0-0 Bc5 9. d3 Na5 10. Bb3 d5 11. e5 Bd7 12. Ng3 h5 13. f4 g6 14. Bd2 Nc6 15. Qf3 h4 16. Nh1 Ne7 17. Nf2 Qc7 18. a3 Nf5 19. Ng4 0-0-0 20. Ba2 Rdg8 21. b4 Be7 22. Rac1 Kb8 23. Bb3 g5 24. fxg5 h3 25. g3 Bxg5 26. Bxg5 Rxg5 27. Nf6 Rh6 28. Qf4 Rhg6 29. Kh1 Bc6 30. Rf2 b6 31. a4 Qc8 32. b5 Bb7 33. a5 Qc3 34. a6 Bc8 35. Bxd5 1/2-1/2

[Event "Telford 4NCL op 22nd"]
[Site "Telford"]
[Date "2019.07.21"]
[Round "4"]
[White "Salmons, Calum"]
[Black "Blake, J Morgan"]
[Result "1-0"]
[WhiteElo "1898"]
[BlackElo "1976"]
[PlyCount "45"]
[EventDate "2019.07.19"]
[EventType "swiss"]
[EventRounds "5"]
[EventCountry "ENG"]
[SourceTitle "EXT 2020"]
[Source "ChessBase"]
[SourceDate "2019.10.17"]
[SourceVersion "1"]
[SourceVersionDate "2019.10.17"]
[SourceQuality "1"]

1. e4 e6 2. Nf3 d5 3. e5 c5 4. b4 c4 5. c3 a5 6. b5 Nd7 7. d4 cxd3 8. Bxd3 Bc5 9. 0-0 Ne7 10. Re1 Ng6 11. Be3 Qc7 12. Bd4 Nb6 13. a4 Nf4 14. Bf1 g5 15. Nxg5 Bxd4 16. Qxd4 Ng6 17. Nd2 h6 18. Ngf3 Bd7 19. Rac1 0-0 20. c4 dxc4 21. Nxc4 Nxc4 22. Rxc4 Qd8 23. Rd1 1-0

[Event "BCF-chT3Sb 1819 (4NCL)"]
[Site "England"]
[Date "2019.02.10"]
[Round "6.51"]
[White "Salmons, Calum"]
[Black "Swanson, Stephen"]
[Result "1/2-1/2"]
[WhiteElo "2117"]
[BlackElo "2202"]
[PlyCount "61"]
[EventDate "2018.11.17"]
[EventType "team-tourn"]
[EventRounds "7"]
[EventCountry "ENG"]
[SourceTitle "EXT 2021"]
[Source "ChessBase"]
[SourceDate "2020.10.23"]
[SourceVersion "1"]
[SourceVersionDate "2020.10.23"]
[SourceQuality "1"]
[WhiteTeam "Sussex Martlets II"]
[BlackTeam "Poisoned Pawns"]
[WhiteTeamCountry "ENG"]
[BlackTeamCountry "ENG"]

1. e4 d6 2. d4 Nf6 3. Nc3 e5 4. dxe5 dxe5 5. Qxd8+ Kxd8 6. Bg5 c6 7. 0-0-0+ Ke8 8. f4 h6 9. Bh4 Be7 10. fxe5 Ng4 11. Bxe7 Kxe7 12. Nh3 Nxe5 13. Nf2 Be6 14. Nd3 Nbd7 15. Na4 b6 16. b3 Rhd8 17. Nab2 f6 18. Nxe5 Nxe5 19. Nd3 Rd4 20. Nxe5 fxe5 21. Bd3 Rf8 22. Rhf1 Rxf1 23. Rxf1 c5 24. Rd1 a5 25. c3 Rd8 26. Ba6 Rf8 27. c4 Rf2 28. Rd2 Rf1+ 29. Kc2 Rh1 30. h3 Rf1 31. Bb7 1/2-1/2

[Event "BCF-chT3Sb 1819 (4NCL)"]
[Site "England"]
[Date "2019.01.13"]
[Round "4.82"]
[White "Frostick, Clive A"]
[Black "Salmons, Calum"]
[Result "1-0"]
[WhiteElo "2127"]
[BlackElo "2087"]
[PlyCount "91"]
[EventDate "2018.11.17"]
[EventType "team-tourn"]
[EventRounds "7"]
[EventCountry "ENG"]
[SourceTitle "EXT 2021"]
[Source "ChessBase"]
[SourceDate "2020.10.23"]
[SourceVersion "1"]
[SourceVersionDate "2020.10.23"]
[SourceQuality "1"]
[WhiteTeam "CSC"]
[BlackTeam "Sussex Martlets II"]
[WhiteTeamCountry "ENG"]
[BlackTeamCountry "ENG"]

1. d4 Nf6 2. Nf3 c5 3. e3 g6 4. dxc5 Qa5+ 5. Nbd2 Bg7 6. a3 Qxc5 7. b4 Qc7 8. Bb2 0-0 9. c4 d6 10. Rc1 b6 11. Be2 a5 12. 0-0 Bd7 13. Qc2 Bf5 14. Bd3 Bxd3 15. Qxd3 Nbd7 16. h3 axb4 17. axb4 Ra2 18. Qb3 Rfa8 19. Nd4 Qa7 20. Ra1 Rxa1 21. Rxa1 Qb7 22. Ra4 Ne4 23. N2f3 Ne5 24. Nxe5 Bxe5 25. Qa2 Rxa4 26. Qxa4 Kg7 27. f3 Ng3 28. Kf2 h5 29. Ne6+ fxe6 30. Bxe5+ dxe5 31. Kxg3 Qc7 32. Qb5 e4+ 33. f4 Kh7 34. Kh4 Qd6 35. Qe5 Qd3 36. Qd4 Qc2 37. g3 Qd3 38. Qxb6 Qxc4 39. Qc5 Qd3 40. Qxe7+ Kh6 41. g4 hxg4 42. hxg4 g5+ 43. fxg5+ Kg6 44. Qf6+ Kh7 45. g6+ Kh6 46. g5# 1-0

[Event "Hastings Masters op 94th"]
[Site "Hastings"]
[Date "2019.01.04"]
[Round "8"]
[White "Salmons, Calum"]
[Black "Rayner, Francis"]
[Result "1-0"]
[WhiteElo "1905"]
[BlackElo "2048"]
[PlyCount "133"]
[EventDate "2018.12.28"]
[EventType "swiss"]
[EventRounds "10"]
[EventCountry "ENG"]
[SourceTitle "CBM 188 Extra"]
[Source "ChessBase"]
[SourceDate "2019.02.26"]
[SourceVersion "1"]
[SourceVersionDate "2019.02.26"]
[SourceQuality "1"]

1. e4 c5 2. Nc3 Nc6 3. f4 g6 4. Nf3 Bg7 5. d3 d6 6. g3 e6 7. Be3 Nge7 8. Bg2 0-0 9. 0-0 b6 10. d4 Ba6 11. Re1 cxd4 12. Nxd4 Qd7 13. Qd2 Na5 14. b3 Rac8 15. Rad1 Rc7 16. Bf1 Bxf1 17. Rxf1 Rfc8 18. Ncb5 Rc5 19. c4 a6 20. Na3 Qb7 21. f5 exf5 22. exf5 Nxf5 23. Nxf5 Rxf5 24. Rxf5 gxf5 25. Qxd6 Nc6 26. Nc2 Ne5 27. Qxb6 Nf3+ 28. Kf2 Qa8 29. h3 Qe4 30. Rd8+ Rxd8 31. Qxd8+ Bf8 32. Qd1 Ne5 33. Ne1 Bb4 34. Nf3 Nd3+ 35. Ke2 Ne5 36. Qd8+ Bf8 37. Nxe5 Qxe5 38. Qg5+ Bg7 39. Qf4 Qb2+ 40. Kf3 Qb1 41. Bc5 Qf1+ 42. Ke3 Qe1+ 43. Kd3 Qd1+ 44. Qd2 Qf3+ 45. Kc2 Qe4+ 46. Qd3 Qg2+ 47. Kd1 Qh1+ 48. Ke2 Qg2+ 49. Ke1 Qh1+ 50. Ke2 Qg2+ 51. Bf2 Qxh3 52. Qd8+ Bf8 53. Bc5 Qg2+ 54. Kd1 Qf1+ 55. Kd2 Qg2+ 56. Kc1 Qh1+ 57. Kb2 Qh2+ 58. Ka3 Qh6 59. Kb4 Qg7 60. Qxf8+ Qxf8 61. Bxf8 Kxf8 62. Kc3 Ke7 63. Kd4 Kd6 64. b4 h5 65. Ke3 Ke5 66. b5 axb5 67. cxb5 1-0

[Event "Hastings Masters op 94th"]
[Site "Hastings"]
[Date "2018.12.29"]
[Round "2"]
[White "Salmons, Calum"]
[Black "Butt, Laurence"]
[Result "0-1"]
[WhiteElo "1905"]
[BlackElo "1635"]
[PlyCount "66"]
[EventDate "2018.12.28"]
[EventType "swiss"]
[EventRounds "10"]
[EventCountry "ENG"]
[SourceTitle "CBM 188 Extra"]
[Source "ChessBase"]
[SourceDate "2019.02.26"]
[SourceVersion "1"]
[SourceVersionDate "2019.02.26"]
[SourceQuality "1"]

1. e4 e6 2. Nf3 b6 3. Nc3 Bb7 4. d3 Be7 5. g3 Nf6 6. Bg2 d5 7. e5 Nfd7 8. 0-0 d4 9. Ne4 Nc6 10. Ned2 0-0 11. Nxd4 Nxd4 12. Bxb7 Rb8 13. Be4 Nxe5 14. c3 Nf5 15. d4 Ng6 16. d5 Qd7 17. dxe6 fxe6 18. Qe2 Rbd8 19. Nf3 Bd6 20. g4 Nfe7 21. Ng5 Rf6 22. Nxh7 Kxh7 23. g5 Rf5 24. h4 Kg8 25. Bxf5 Nxf5 26. h5 Ngh4 27. h6 Qf7 28. Kh1 e5 29. Qg4 Qd5+ 30. f3 Qd3 31. h7+ Kh8 32. Bf4 exf4 33. Rf2 Bc5 0-1

[Event "GBR-ch Major 105th"]
[Site "Hull"]
[Date "2018.08.02"]
[Round "6"]
[White "Salmons, Calum"]
[Black "Sivarajasingam, Venetia"]
[Result "1/2-1/2"]
[WhiteElo "1923"]
[BlackElo "1843"]
[PlyCount "120"]
[EventDate "2018.07.28"]
[EventType "swiss"]
[EventRounds "9"]
[EventCountry "ENG"]
[SourceTitle "CBM 185 Extra"]
[Source "ChessBase"]
[SourceDate "2018.07.29"]
[SourceVersion "1"]
[SourceVersionDate "2018.07.29"]
[SourceQuality "1"]

1. e4 e6 2. Nf3 d5 3. e5 c5 4. b4 cxb4 5. d4 Nc6 6. a3 bxa3 7. c3 Nge7 8. Bd3 Ng6 9. Ng5 Be7 10. Qh5 Bxg5 11. Bxg5 Qb6 12. Bc1 Bd7 13. Nxa3 Nxd4 14. 0-0 Nc6 15. Be3 Qd8 16. f4 a6 17. c4 d4 18. Bd2 b6 19. Nc2 Bc8 20. Be4 Bb7 21. Nb4 Qc7 22. Qf3 Nd8 23. Bxb7 Qxb7 24. Qxb7 Nxb7 25. Nxa6 Rc8 26. Rfc1 Nc5 27. Rcb1 Ne4 28. Bc1 Rxc4 29. Rxb6 0-0 30. g3 d3 31. Be3 Ne7 32. Nb4 Nf5 33. Bf2 d2 34. Nd3 Nc3 35. Nb2 Ne2+ 36. Kf1 Rc1+ 37. Kxe2 Rxa1 38. Kxd2 Rd8+ 39. Ke2 h5 40. Kf3 Ra2 41. Nc4 Rd3+ 42. Kg2 Rc3 43. Rb2 Ra1 44. Nd2 h4 45. Ne4 Rc8 46. g4 h3+ 47. Kxh3 Ra3+ 48. Kg2 Ne3+ 49. Bxe3 Rxe3 50. Nd6 Ra8 51. Kf2 Raa3 52. Kg2 Rf3 53. f5 Rf4 54. h3 exf5 55. gxf5 Rff3 56. Rb8+ Kh7 57. Nxf7 Rxf5 58. e6 Ra2+ 59. Kg3 Rc5 60. e7 Ra3+ 1/2-1/2